World of Warcraft Lore Quiz - Statistics

General Stats
  • This quiz has been taken 1,636 times
  • The average score is 7 of 15
Answer Stats
Hint Answer % Correct
The Betrayer Illidan Stormrage
86%
Weapon of Tirion Fordring Ashbringer
77%
Former name of Deathwing Neltharion
67%
Homeworld of the Ere'dar Argus
63%
Name of the Night Elves Kaldorei
59%
The Black Prince Wrathion
49%
Father of Jaina Proudmoore Daelin Proudmoore
43%
The First Deathknight (not Arthas) Teron Gorefiend
41%
More Dots Onyxia
39%
Former Leader of the Forest Trolls Zul'jin
39%
Former Owner of Thrall Aedelas Blackmoore
35%
Name of the Dreadlords Nathrezim
32%
Weapon of Varian Wrynn Shalamayne
23%
Orc who Found the Demon Soul Zuluhed the Whacked
6%
The First Silithid Aqir
4%
No matching quizzes found
Score Distribution
Percent of People with Each Score
Percentile by Number Answered
Your Score History
You have not taken this quiz